MARC

LEADER 00000cam a2200000 7i4500
001 0000002742
005 20040105.0
020 0 0 |a 967992152 
090 0 0 |a 613.04244   |b HEA 1989 
245 0 0 |a HEALTH   |c Asian and Pacific Women's Resource Collection Network 
260 0 0 |a Kuala Lumpur :   |b Asian and Pacific Development Centre ,   |c 1989 
300 |a viii, 298 p :   |b ill., photo. ;   |c 25 cm. 
440 0 0 |a Asian and Pacific women's resource and action series 
500 0 0 |a Includes bibliographical references 
650 0 0 |a Women's health services 
650 0 0 |a Women   |x Health and hygiene   |x Cross-cultural studies 
710 1 1 |a Asian and Pacific Development Centre 
998 |a JPSM 
999 |a 0000004917   |b Monograph   |c Open Shelf   |e Default branch